| 000 | 00996nam a22002417a 4500 | ||
|---|---|---|---|
| 999 |
_c5167 _d5167 |
||
| 003 | AR-CdUCM | ||
| 008 | 190312b ||||| |||| 00| 0 spa d | ||
| 040 |
_aMUNICIPALIDAD PROVINCIAL DEL CUSCO _cBIBLIOTECA MUNICIPAL DEL CUSCO |
||
| 041 | _heng | ||
| 082 |
_a959.7 / _bAR74 |
||
| 100 |
_aArnault, Jacques _915691 |
||
| 245 |
_aViet - Nam : _bDel colonialismo a la liberación / |
||
| 260 |
_aBuenos Aires : _bArandu, _c1965. |
||
| 300 |
_a188 páginas ; _c18 cm. |
||
| 440 |
_aColección foro Polémico, bolsillo. _n2 _915692 |
||
| 505 | _aContenido: Preguntas en busca de respuestas -- Breve historia del Viet - Nam -- ¿Por qué venció en ejercito popular? -- El pensamiento sociólogo y filosófico desde 1917 -- La política del frente nacional unido -- La aventura bélica yanqui en Indochina ... | ||
| 650 |
_aViet-Nam _915693 |
||
| 650 |
_aColonialismo _98132 |
||
| 650 |
_aRevolución _9844 |
||
| 700 |
_aGojman, Silvia (traducción) _915694 |
||
| 942 |
_2ddc _cLIBROS |
||
| 945 | _aachl | ||